[Event "EU-ch 23rd"]
[Site "Vrnjacka Banja"]
[Date "2023.03.12"]
[Round "10"]
[White "Jeremic, Milan"]
[Black "Valitov, Ilshat"]
[Result "0-1"]
[WhiteElo "2052"]
[BlackElo "1854"]
[PlyCount "110"]
[EventDate "2023.03.03"]
[EventType "swiss"]
[EventRounds "11"]
[EventCountry "SRB"]
[SourceTitle "CBM 213"]
[Source "ChessBase"]
[SourceDate "2023.04.30"]
[SourceVersion "1"]
[SourceVersionDate "2023.04.30"]
[SourceQuality "1"]

1. d4 Nf6 2. c4 e6 3. Nf3 d5 4. e3 Be7 5. Nc3 0-0 6. Bd3 dxc4 7. Bxc4 b6 8. Qe2 Bb7 9. 0-0 Nbd7 10. e4 a5 11. Rd1 h6 12. a3 c6 13. h3 Qc7 14. Be3 b5 15. Bd3 Rfd8 16. Rac1 b4 17. Nb1 Rac8 18. a4 Qb6 19. Nbd2 c5 20. dxc5 Nxc5 21. Bxc5 Bxc5 22. Nc4 Qa7 23. b3 Nh5 24. Nce5 Nf6 25. g4 Qa8 26. Re1 Nd7 27. Nxd7 Rxd7 28. Ne5 Re7 29. Bc4 Bd4 30. Nd3 Bc3 31. Rf1 Bxe4 32. Nf4 Bf3 33. Qe3 Qe4 34. Qxe4 Bxe4 35. Rcd1 Ree8 36. Rd7 Bc6 37. Ra7 Ra8 38. Rxa8 Rxa8 39. Rd1 Be5 40. Nd3 Rd8 41. Kf1 Bf3 42. Re1 Bd4 43. Rc1 g5 44. Ne1 Bb7 45. Ke2 Kg7 46. Nd3 Rd6 47. f3 f5 48. Nf2 Kf6 49. Rd1 Rd8 50. Nd3 Bb6 51. Rh1 Rh8 52. h4 fxg4 53. hxg5+ Kf5 54. Ne5 Kf4 55. Ng6+ Kg3 0-1

[Event "Belgrade Trifunovic Memorial"]
[Site "Belgrade"]
[Date "2022.12.25"]
[Round "8"]
[White "Jeremic, Milan"]
[Black "Ristic, Nenad"]
[Result "1-0"]
[WhiteElo "2052"]
[BlackElo "2248"]
[PlyCount "133"]
[EventDate "2022.12.24"]
[EventType "swiss (rapid)"]
[EventRounds "9"]
[EventCountry "SRB"]
[SourceTitle "EXT 2024"]
[Source "ChessBase"]
[SourceDate "2023.10.10"]
[SourceVersion "1"]
[SourceVersionDate "2023.10.10"]
[SourceQuality "1"]

1. d4 Nf6 2. Nf3 g6 3. Bf4 Bg7 4. e3 d6 5. Bc4 0-0 6. h3 c5 7. c3 cxd4 8. exd4 Nc6 9. 0-0 Qb6 10. Qb3 Qc7 11. Bd3 e5 12. dxe5 dxe5 13. Bh2 Be6 14. Qc2 Rac8 15. Na3 Nd5 16. Qe2 Nf4 17. Bxf4 exf4 18. Nb5 Qb6 19. Nd6 Rcd8 20. Nc4 Qc7 21. Rfd1 Rfe8 22. Qf1 b5 23. Na3 b4 24. cxb4 Nxb4 25. Bb5 Rxd1 26. Rxd1 Rb8 27. Bc4 Bxb2 28. Bxe6 fxe6 29. Nc4 Bf6 30. Qe2 Re8 31. Nce5 Bg7 32. Qb5 Rb8 33. Qe2 g5 34. Rd7 Qc2 35. Rd2 Qf5 36. Rd7 a5 37. Kh2 h5 38. Rxg7+ Kxg7 39. Nd4 Qf6 40. Qe4 Re8 41. Nd7 Qg6 42. Qe5+ Kh6 43. Qxa5 Nd3 44. Ne5 Nxe5 45. Qxe5 Qg7 46. Nf5+ exf5 47. Qxe8 Qf6 48. a4 g4 49. Qb8 Qd4 50. a5 Kg7 51. Qb6 g3+ 52. fxg3 fxg3+ 53. Kxg3 h4+ 54. Kf3 Qe4+ 55. Kf2 Qf4+ 56. Kg1 Qc1+ 57. Kh2 Qf4+ 58. Kh1 Qc1+ 59. Qg1 Qc4 60. Qa1+ Kg6 61. a6 Qe4 62. a7 Qa8 63. Qd4 Kg5 64. Qe3+ Kg6 65. Qb6+ Kg5 66. Qb8 Qe4 67. a8Q 1-0

[Event "Titled Tuesday intern op 26th May"]
[Site "Chess.com INT"]
[Date "2020.05.26"]
[Round "6"]
[White "Jeremic, Milan"]
[Black "Smietanska, Wiktoria"]
[Result "1-0"]
[WhiteElo "2106"]
[BlackElo "1593"]
[PlyCount "83"]
[EventDate "2020.05.26"]
[EventType "swiss (blitz)"]
[EventRounds "10"]
[EventCountry "USA"]
[SourceTitle "CBM 196 Extra"]
[Source "ChessBase"]
[SourceDate "2020.07.31"]
[SourceVersion "1"]
[SourceVersionDate "2020.07.31"]
[SourceQuality "1"]

1. d4 Nf6 2. Nf3 g6 3. g3 Bg7 4. Bg2 0-0 5. 0-0 d6 6. c4 c5 7. e3 cxd4 8. exd4 d5 9. c5 Nc6 10. Nc3 Ne4 11. Re1 Nxc3 12. bxc3 Re8 13. Bg5 Bg4 14. h3 Bxf3 15. Qxf3 h6 16. Bf4 e6 17. h4 b6 18. cxb6 Qxb6 19. Re2 Rac8 20. Rae1 Na5 21. Be5 Nc4 22. Bxg7 Kxg7 23. h5 g5 24. Qg4 Qa5 25. f4 f5 26. Qh3 g4 27. Qh4 Kf7 28. Kh2 Nd6 29. Re5 Qxc3 30. Bxd5 exd5 31. Re7+ Rxe7 32. Qxe7+ Kg8 33. Qe6+ Kg7 34. Qg6+ Kf8 35. Qxd6+ Kg8 36. Qxd5+ Kf8 37. Qxf5+ Kg7 38. Qxg4+ Kf8 39. Qf5+ Kg7 40. Re7+ Kg8 41. Qh7+ Kf8 42. Qf7# 1-0

[Event "Titled Tuesday intern op 19th May"]
[Site "Chess.com INT"]
[Date "2020.05.19"]
[Round "6"]
[White "Jeremic, Milan"]
[Black "Sommerbauer, Norbert"]
[Result "1-0"]
[WhiteElo "2106"]
[BlackElo "2413"]
[PlyCount "125"]
[EventDate "2020.05.19"]
[EventType "swiss (blitz)"]
[EventRounds "10"]
[EventCountry "USA"]
[SourceTitle "EXT 2021"]
[Source "ChessBase"]
[SourceDate "2020.10.23"]
[SourceVersion "1"]
[SourceVersionDate "2020.10.23"]
[SourceQuality "1"]

1. d4 Nf6 2. Nf3 e6 3. g3 b5 4. Bg2 Bb7 5. 0-0 Be7 6. Bg5 0-0 7. c3 h6 8. Bxf6 Bxf6 9. Nbd2 d6 10. e4 Nd7 11. Re1 c5 12. e5 Be7 13. exd6 Bxd6 14. Ne4 Be7 15. dxc5 Nxc5 16. Nxc5 Bxc5 17. Qe2 Qb6 18. Red1 a5 19. a3 Rfd8 20. Ne5 Bxg2 21. Kxg2 f6 22. Nd3 e5 23. Qe4 Be7 24. f4 Ra7 25. fxe5 Rad7 26. exf6 Bxf6 27. Nf2 Rd2 28. Rxd2 Rxd2 29. Qe8+ Kh7 30. Qe4+ g6 31. Rf1 Rxb2 32. h4 h5 33. Qd3 Qc6+ 34. Kh3 Qc8+ 35. Kg2 Qxc3 36. Qd7+ Kh6 37. Kh3 Be5 38. Ne4 Qc2 39. Nf2 Qe2 40. Qd3 Qxd3 41. Nxd3 Re2 42. Rb1 Re3 43. Nxe5 Rxe5 44. Kg2 Kg7 45. Kf3 Kf6 46. Rc1 Rd5 47. Rc6+ Kf5 48. Rb6 a4 49. Ke3 Rc5 50. Kf3 Rc3+ 51. Kg2 Rb3 52. Kh3 Ke4 53. Rxg6 Rxa3 54. Re6+ Kf5 55. Rb6 b4 56. Rxb4 Ke6 57. Rb5 Rb3 58. Rxh5 a3 59. Ra5 Kd6 60. h5 Kc6 61. h6 Kb6 62. Ra8 Kb7 63. h7 1-0

[Event "Titled Tuesday intern op 19th May"]
[Site "Chess.com INT"]
[Date "2020.05.19"]
[Round "4"]
[White "Kakabayaev, Mergen"]
[Black "Jeremic, Milan"]
[Result "1/2-1/2"]
[WhiteElo "2285"]
[BlackElo "2106"]
[PlyCount "179"]
[EventDate "2020.05.19"]
[EventType "swiss (blitz)"]
[EventRounds "10"]
[EventCountry "USA"]
[SourceTitle "EXT 2021"]
[Source "ChessBase"]
[SourceDate "2020.10.23"]
[SourceVersion "1"]
[SourceVersionDate "2020.10.23"]
[SourceQuality "1"]

1. e4 c6 2. d4 d5 3. e5 a6 4. Be3 g6 5. h4 h5 6. Nf3 Bg4 7. Nbd2 e6 8. Be2 Bxf3 9. Nxf3 Nh6 10. Ng5 Nf5 11. Bd3 Be7 12. Bxf5 gxf5 13. Qf3 c5 14. c3 cxd4 15. cxd4 Qa5+ 16. Kf1 Nc6 17. a3 Qb5+ 18. Qe2 Qxe2+ 19. Kxe2 Bxg5 20. hxg5 Kd7 21. Kd3 Ne7 22. Rh3 Ng6 23. g3 h4 24. gxh4 Rxh4 25. Rxh4 Nxh4 26. Rh1 Rh8 27. Bd2 Ng6 28. Rh6 b6 29. Kc3 Rc8+ 30. Kb3 Rc4 31. Bc3 a5 32. a4 Rc7 33. Kc2 Kc6 34. Kd2 Ra7 35. Rh7 b5 36. b3 b4 37. Bb2 Rc7 38. Rg7 Nf4 39. Bc1 Kb7 40. Bb2 Ng6 41. Rg8 Nh4 42. Kd3 Nf3 43. g6 fxg6 44. Rxg6 Rc6 45. Rg7+ Kb6 46. Rg8 Ne1+ 47. Kd2 Nc2 48. Rg1 Na3 49. Bxa3 bxa3 50. Ra1 Rc7 51. Rxa3 Rh7 52. Ra1 Rh4 53. Kd3 Rh3+ 54. Kc2 Rf3 55. Rf1 Rf4 56. Kc3 Rf3+ 57. Kd2 Rxb3 58. Rh1 Rb4 59. Kd3 Rxa4 60. Rh6 Ra3+ 61. Ke2 Kb5 62. Rxe6 Kc4 63. Rf6 Kxd4 64. e6 Ra2+ 65. Kf3 Ra1 66. Rxf5 Re1 67. Rf7 Rxe6 68. Ra7 Rf6+ 69. Ke2 Re6+ 70. Kf1 Kd3 71. Rxa5 d4 72. Ra3+ Kc2 73. Ra2+ Kb3 74. Ra8 d3 75. Kg2 d2 76. Rd8 Kc2 77. Kg3 d1Q 78. Rxd1 Kxd1 79. f4 Ke2 80. f5 Rf6 81. Kf4 Kd3 82. Ke5 Rf8 83. f6 Ra8 84. Ke6 Kd4 85. f7 Ra6+ 86. Ke7 Ra7+ 87. Ke6 Ra8 88. Ke7 Ke5 89. f8Q Rxf8 90. Kxf8 1/2-1/2

[Event "Titled Tuesday intern op 19th May"]
[Site "Chess.com INT"]
[Date "2020.05.19"]
[Round "3"]
[White "Manea, Alexandru"]
[Black "Jeremic, Milan"]
[Result "1-0"]
[WhiteElo "2338"]
[BlackElo "2106"]
[PlyCount "43"]
[EventDate "2020.05.19"]
[EventType "swiss (blitz)"]
[EventRounds "10"]
[EventCountry "USA"]
[SourceTitle "EXT 2021"]
[Source "ChessBase"]
[SourceDate "2020.10.23"]
[SourceVersion "1"]
[SourceVersionDate "2020.10.23"]
[SourceQuality "1"]

1. d4 d5 2. Nf3 Nf6 3. Bf4 e6 4. e3 Ne4 5. Nbd2 f5 6. Nxe4 fxe4 7. Ne5 g6 8. h4 Bg7 9. h5 g5 10. h6 Bxe5 11. Qh5+ Ke7 12. Bxe5 Rg8 13. Bg7 Kd7 14. Rh3 c5 15. Rg3 cxd4 16. exd4 Qa5+ 17. c3 Kc7 18. Qf7+ Bd7 19. Qxg8 Qb6 20. 0-0-0 Qa5 21. Be5+ Kc6 22. Kb1 1-0

[Event "Titled Tuesday intern op 19th May"]
[Site "Chess.com INT"]
[Date "2020.05.19"]
[Round "1"]
[White "Stevens, Christian"]
[Black "Jeremic, Milan"]
[Result "1-0"]
[WhiteElo "2260"]
[BlackElo "2106"]
[PlyCount "49"]
[EventDate "2020.05.19"]
[EventType "swiss (blitz)"]
[EventRounds "10"]
[EventCountry "USA"]
[SourceTitle "EXT 2021"]
[Source "ChessBase"]
[SourceDate "2020.10.23"]
[SourceVersion "1"]
[SourceVersionDate "2020.10.23"]
[SourceQuality "1"]

1. e4 c6 2. d4 d5 3. e5 a6 4. Be3 g6 5. c4 Bg7 6. Nc3 h5 7. Nf3 Bg4 8. h3 Bxf3 9. Qxf3 e6 10. Bd3 Ne7 11. 0-0 Nd7 12. Rac1 dxc4 13. Bxc4 Nb6 14. Bb3 Nbd5 15. Ne4 0-0 16. Bg5 Qd7 17. Nf6+ Bxf6 18. exf6 Nf5 19. Rcd1 Qc7 20. g4 hxg4 21. hxg4 Nd6 22. Qh3 Ne8 23. Bxd5 exd5 24. Kg2 Qd6 25. Rh1 1-0

[Event "Titled Tuesday intern op 28th Apr"]
[Site "Chess.com INT"]
[Date "2020.04.28"]
[Round "3"]
[White "Jeremic, Milan"]
[Black "Petesch, Gabriel N"]
[Result "0-1"]
[WhiteElo "2106"]
[BlackElo "2321"]
[PlyCount "112"]
[EventDate "2020.04.28"]
[EventType "swiss (blitz)"]
[EventRounds "10"]
[EventCountry "USA"]
[SourceTitle "EXT 2021"]
[Source "ChessBase"]
[SourceDate "2020.10.23"]
[SourceVersion "1"]
[SourceVersionDate "2020.10.23"]
[SourceQuality "1"]

1. d4 Nf6 2. Nf3 e6 3. g3 c5 4. e3 b6 5. Bg2 Bb7 6. 0-0 Be7 7. c4 0-0 8. b3 cxd4 9. exd4 d6 10. Nc3 Nbd7 11. Bb2 Re8 12. Re1 a6 13. a4 Rc8 14. Rc1 Bf8 15. h4 Qc7 16. Qd3 Rb8 17. Rcd1 Rbc8 18. Ng5 Bxg2 19. Kxg2 h6 20. Nge4 Nxe4 21. Nxe4 d5 22. Nd2 Bb4 23. cxd5 exd5 24. Rxe8+ Rxe8 25. Nf3 a5 26. Ne5 f6 27. Qg6 Re7 28. Ng4 Nf8 29. Qf5 Qd7 30. Qf3 Qe6 31. Rc1 Bd2 32. Rc2 h5 33. Nxf6+ gxf6 34. Rxd2 Ng6 35. Ba3 Rg7 36. Kf1 Qh3+ 37. Ke1 Qd7 38. Re2 Rf7 39. Qxh5 Kg7 40. Qf3 b5 41. h5 Nh8 42. Bc5 bxa4 43. bxa4 Qxa4 44. Kf1 Qd1+ 45. Kg2 f5 46. Bd6 Kh7 47. Be5 a4 48. Qxd5 Qxe2 49. Qe6 Qe4+ 50. f3 Qe2+ 51. Kh3 Qxf3 52. Bxh8 Qxh5+ 53. Kg2 Kxh8 54. Qe8+ Kg7 55. Qe5+ Rf6 56. Qe7+ Qf7 0-1

[Event "Titled Tuesday intern op 28th Apr"]
[Site "Chess.com INT"]
[Date "2020.04.28"]
[Round "2"]
[White "Jeremic, Milan"]
[Black "Vaishali, Ramesh Babu"]
[Result "0-1"]
[WhiteElo "2106"]
[BlackElo "2393"]
[PlyCount "110"]
[EventDate "2020.04.28"]
[EventType "swiss (blitz)"]
[EventRounds "10"]
[EventCountry "USA"]
[SourceTitle "EXT 2021"]
[Source "ChessBase"]
[SourceDate "2020.10.23"]
[SourceVersion "1"]
[SourceVersionDate "2020.10.23"]
[SourceQuality "1"]

1. d4 Nf6 2. Nf3 g6 3. g3 Bg7 4. Bg2 0-0 5. 0-0 d5 6. b3 c5 7. e3 Nc6 8. Bb2 cxd4 9. Nxd4 Nxd4 10. exd4 Bg4 11. Bf3 Bxf3 12. Qxf3 Rc8 13. c3 Ne4 14. Qe3 Nd6 15. Re1 Qb6 16. Nd2 e6 17. Ba3 Nf5 18. Qd3 Rfe8 19. Bc5 Qc6 20. Rac1 e5 21. Ba3 e4 22. Qe2 h5 23. Nf1 b6 24. Ne3 Qe6 25. Nxf5 Qxf5 26. Bd6 Re6 27. Bf4 Rec6 28. Bd2 Qg4 29. Qxg4 hxg4 30. Kg2 f5 31. h3 gxh3+ 32. Kxh3 Kf7 33. Kg2 Bf8 34. Rh1 Bg7 35. Rh7 Rh8 36. Rxh8 Bxh8 37. Rh1 Bg7 38. Rh7 Kg8 39. Rh1 a5 40. Rb1 b5 41. a4 bxa4 42. bxa4 Rc4 43. Rb5 Rxa4 44. Rxd5 Ra2 45. Be1 a4 46. Ra5 a3 47. d5 Re2 48. Kf1 Rxe1+ 49. Kxe1 Bxc3+ 50. Kd1 Bxa5 51. Kc2 Kf8 52. Kb3 Ke7 53. Kxa3 Kd6 54. Ka4 Bb6 55. Kb4 Bxf2 0-1

[Event "Titled Tuesday intern op 21st April"]
[Site "Chess.com INT"]
[Date "2020.04.21"]
[Round "4"]
[White "Jeremic, Milan"]
[Black "Melian, Juan Sebastian"]
[Result "1-0"]
[WhiteElo "2106"]
[BlackElo "1950"]
[PlyCount "119"]
[EventDate "2020.04.21"]
[EventType "swiss (blitz)"]
[EventRounds "10"]
[EventCountry "USA"]
[SourceTitle "EXT 2021"]
[Source "ChessBase"]
[SourceDate "2020.10.23"]
[SourceVersion "1"]
[SourceVersionDate "2020.10.23"]
[SourceQuality "1"]

1. d4 Nf6 2. Nf3 e6 3. Bf4 d5 4. c3 Bd6 5. Bg3 c5 6. Nbd2 Qc7 7. e3 Nbd7 8. Bd3 b6 9. Rc1 Bb7 10. 0-0 Bxg3 11. hxg3 0-0 12. Re1 Rfd8 13. Bb1 Rac8 14. Qe2 Qd6 15. Nh2 e5 16. dxe5 Nxe5 17. Ndf3 Ne4 18. Nxe5 Qxe5 19. Nf3 Qe6 20. Red1 Rd7 21. Qc2 f5 22. Qa4 Re7 23. a3 a5 24. Qc2 h6 25. Ba2 Rd8 26. b4 axb4 27. axb4 c4 28. Bxc4 Rc8 29. Ba2 Rxc3 30. Qxc3 Nxc3 31. Rxc3 Rd7 32. Rcd3 Kh7 33. Nd4 Qe5 34. b5 Qf6 35. Bb3 Rc7 36. R3d2 h5 37. Bc2 g6 38. Bb3 Kh6 39. Nf3 Rd7 40. Rd4 Qe6 41. Rc1 Rd6 42. Rc7 Rd7 43. Rc2 Qe8 44. Rcd2 Rd6 45. Ba4 Qd7 46. Ne5 Qe6 47. Nc6 Bxc6 48. bxc6 Rxc6 49. Bxc6 Qxc6 50. Rxd5 b5 51. Rd6 Qc1+ 52. Kh2 h4 53. gxh4 Qc4 54. g3 b4 55. Rd7 b3 56. Rc7 Qxc7 57. Kh3 Qc2 58. Rd7 b2 59. g4 b1Q 60. g5+ 1-0

[Event "Titled Tuesday intern op 14th April"]
[Site "Chess.com INT"]
[Date "2020.04.14"]
[Round "6"]
[White "Cagara, Paulina"]
[Black "Jeremic, Milan"]
[Result "1-0"]
[WhiteElo "2054"]
[BlackElo "2106"]
[PlyCount "67"]
[EventDate "2020.04.14"]
[EventType "swiss (blitz)"]
[EventRounds "10"]
[EventCountry "USA"]
[SourceTitle "EXT 2021"]
[Source "ChessBase"]
[SourceDate "2020.10.23"]
[SourceVersion "1"]
[SourceVersionDate "2020.10.23"]
[SourceQuality "1"]

1. e4 c6 2. d4 d5 3. exd5 cxd5 4. Bd3 Nc6 5. c3 Nf6 6. h3 g6 7. Nf3 Bg7 8. 0-0 0-0 9. Bf4 a6 10. Nbd2 Bf5 11. Bxf5 gxf5 12. Re1 e6 13. Ne5 Ne4 14. f3 Nxd2 15. Qxd2 Nxe5 16. Bxe5 Qh4 17. Kh2 Kh8 18. Bg3 Qh5 19. Re2 Rg8 20. Rae1 Bf6 21. Be5 Bxe5+ 22. Rxe5 Qg6 23. g4 fxg4 24. fxg4 b6 25. Qf2 b5 26. a3 a5 27. Rf1 Rg7 28. Re3 b4 29. axb4 axb4 30. Rf3 bxc3 31. bxc3 Kg8 32. Rf6 Qd3 33. Rxf7 Ra2 34. Rf8# 1-0

[Event "Belgrade-chT"]
[Site "Belgrade"]
[Date "2019.09.29"]
[Round "7.3"]
[White "Jeremic, Milan"]
[Black "Lorens Ristovic, Lami M"]
[Result "0-1"]
[WhiteElo "2161"]
[BlackElo "2078"]
[PlyCount "31"]
[EventDate "2019.09.23"]
[EventType "team-tourn"]
[EventRounds "11"]
[EventCountry "SRB"]
[SourceTitle "EXT 2020"]
[Source "ChessBase"]
[SourceDate "2019.10.17"]
[SourceVersion "1"]
[SourceVersionDate "2019.10.17"]
[SourceQuality "1"]
[WhiteTeam "Belgrade Radnicki"]
[BlackTeam "MZ Cirilo i Metodije"]
[WhiteTeamCountry "SRB"]
[BlackTeamCountry "SRB"]

1. d4 d5 2. Nf3 c6 3. Bf4 Nf6 4. e3 Bg4 5. c4 e6 6. Qb3 Qb6 7. c5 Qxb3 8. axb3 Bxf3 9. gxf3 Nh5 10. Bxb8 Rxb8 11. Rxa7 e5 12. b4 exd4 13. exd4 Be7 14. Kd2 Bf6 15. Kc3 0-0 16. b5 0-1

[Event "Belgrade-chT"]
[Site "Belgrade"]
[Date "2019.09.28"]
[Round "6.5"]
[White "Ristic, Luka"]
[Black "Jeremic, Milan"]
[Result "1/2-1/2"]
[WhiteElo "2082"]
[BlackElo "2161"]
[PlyCount "30"]
[EventDate "2019.09.23"]
[EventType "team-tourn"]
[EventRounds "11"]
[EventCountry "SRB"]
[SourceTitle "EXT 2020"]
[Source "ChessBase"]
[SourceDate "2019.10.17"]
[SourceVersion "1"]
[SourceVersionDate "2019.10.17"]
[SourceQuality "1"]
[WhiteTeam "Crvena Zvezda"]
[BlackTeam "Belgrade Radnicki"]
[WhiteTeamCountry "SRB"]
[BlackTeamCountry "SRB"]

1. e4 c6 2. d4 d5 3. exd5 cxd5 4. Bf4 Nc6 5. c3 Nf6 6. Nd2 g6 7. Ngf3 Bg7 8. h3 0-0 9. Be2 Qb6 10. Qb3 Bf5 11. 0-0 h6 12. Rfe1 g5 13. Bh2 e6 14. a4 Rfc8 15. Qa2 Ne4 1/2-1/2

[Event "Belgrade City-chT"]
[Site "Belgrade"]
[Date "2019.05.15"]
[Round "3.7"]
[White "Nikolic, Milos"]
[Black "Jeremic, Milan"]
[Result "1/2-1/2"]
[WhiteElo "2274"]
[BlackElo "2175"]
[PlyCount "54"]
[EventDate "2019.05.13"]
[EventType "team-swiss"]
[EventRounds "5"]
[EventCountry "SRB"]
[SourceTitle "CBM 190 Extra"]
[Source "ChessBase"]
[SourceDate "2019.07.15"]
[SourceVersion "1"]
[SourceVersionDate "2019.07.15"]
[SourceQuality "1"]
[WhiteTeam "Partizan"]
[BlackTeam "Belgrade Radnicki"]
[WhiteTeamCountry "SRB"]
[BlackTeamCountry "SRB"]

1. e4 c6 2. Nc3 d5 3. Nf3 d4 4. Ne2 c5 5. g3 Nc6 6. d3 e5 7. Bg2 Bd6 8. 0-0 Nge7 9. a4 0-0 10. Nd2 Ng6 11. Nc4 f5 12. exf5 Bxf5 13. h3 Qd7 14. Nxd6 Qxd6 15. f4 exf4 16. Nxf4 Rae8 17. Nxg6 Bxg6 18. Bf4 Qd7 19. Qf3 Nb4 20. Rf2 Rf7 21. b3 b6 22. Raf1 Bf5 23. Qh5 Bg6 24. Qf3 Bf5 25. Qh5 Bg6 26. Qf3 Bf5 27. Qh5 Be6 1/2-1/2

[Event "Belgrade-chT Quality"]
[Site "Belgrade"]
[Date "2018.09.28"]
[Round "11.2"]
[White "Jeremic, Milan"]
[Black "Marinkovic, Slavisa"]
[Result "0-1"]
[WhiteElo "2181"]
[BlackElo "2386"]
[PlyCount "74"]
[EventDate "2018.09.17"]
[EventType "team-tourn"]
[EventRounds "11"]
[EventCountry "SRB"]
[SourceTitle "CBM 186 Extra"]
[Source "ChessBase"]
[SourceDate "2018.08.24"]
[SourceVersion "1"]
[SourceVersionDate "2018.08.24"]
[SourceQuality "1"]
[WhiteTeam "Belgrade Radnicki"]
[BlackTeam "Belgrade Vodovod"]
[WhiteTeamCountry "SRB"]
[BlackTeamCountry "SRB"]

1. d4 Nf6 2. Nf3 g6 3. c4 Bg7 4. Nc3 d5 5. e3 0-0 6. cxd5 Nxd5 7. Bc4 Nb6 8. Bb3 Nc6 9. 0-0 e5 10. dxe5 Qe7 11. e4 Bg4 12. Bg5 Qxg5 13. Nxg5 Bxd1 14. Raxd1 Nxe5 15. Nd5 h6 16. Nh3 Nxd5 17. exd5 a5 18. Nf4 Rfd8 19. a4 Ra6 20. Rde1 Rb6 21. Re3 Rb4 22. g3 Ng4 23. Rd3 Rd6 24. Rc1 Bxb2 25. Rxc7 Ne5 26. Re3 Bd4 27. Rxe5 Bxe5 28. Nd3 Rxb3 29. Nxe5 Rxd5 30. Nxf7 h5 31. h4 Rd4 32. Ne5 Rxa4 33. Nxg6 Re4 34. Nf4 Rxf4 35. gxf4 a4 36. Rc5 Rb6 37. Rc4 a3 0-1

[Event "Belgrade-chT Premier"]
[Site "Belgrade"]
[Date "2017.09.25"]
[Round "7.3"]
[White "Cobic, Vladimir"]
[Black "Jeremic, Milan"]
[Result "1-0"]
[WhiteElo "2296"]
[BlackElo "2171"]
[PlyCount "83"]
[EventDate "2017.09.18"]
[EventType "team"]
[EventRounds "9"]
[EventCountry "SRB"]
[SourceTitle "EXT 2018"]
[Source "ChessBase"]
[SourceDate "2017.10.13"]
[SourceVersion "1"]
[SourceVersionDate "2017.10.13"]
[SourceQuality "1"]
[WhiteTeam "Grocka"]
[BlackTeam "Belgrade Radnicki"]
[WhiteTeamCountry "SRB"]
[BlackTeamCountry "SRB"]

1. e4 c6 2. d4 d5 3. e5 a6 4. c4 Bf5 5. Nc3 e6 6. h4 h5 7. Bd3 dxc4 8. Bxf5 exf5 9. Nf3 Bb4 10. 0-0 Ne7 11. Ng5 Bxc3 12. bxc3 Qd5 13. Ba3 Ng6 14. g3 Nf8 15. Qb1 Nbd7 16. Qxb7 Rb8 17. Qc7 Ne6 18. Nxe6 fxe6 19. Rab1 Kf7 20. Bd6 Rbd8 21. f3 g5 22. hxg5 Kg6 23. Kf2 f4 24. gxf4 h4 25. Rh1 h3 26. Ke3 c5 27. Rbd1 cxd4+ 28. Rxd4 Qb5 29. Qxc4 Qxc4 30. Rxc4 Nb6 31. f5+ Kxf5 32. Rf4+ Kg6 33. Rf6+ Kg7 34. Rxe6 Rc8 35. Rh6 Rxc3+ 36. Ke4 Rc4+ 37. Kf5 Rh4 38. Rxh8 Kxh8 39. e6 Nc4 40. Bc5 Kg8 41. e7 Kf7 42. g6+ 1-0

[Event "Belgrade-chT Premier"]
[Site "Belgrade"]
[Date "2017.09.20"]
[Round "3.5"]
[White "Jeremic, Milan"]
[Black "Maric, Dragan"]
[Result "0-1"]
[WhiteElo "2171"]
[BlackElo "2206"]
[PlyCount "42"]
[EventDate "2017.09.18"]
[EventType "team"]
[EventRounds "9"]
[EventCountry "SRB"]
[SourceTitle "CBM 180 Extra"]
[Source "ChessBase"]
[SourceDate "2017.10.06"]
[SourceVersion "1"]
[SourceVersionDate "2017.10.06"]
[SourceQuality "1"]
[WhiteTeam "Belgrade Radnicki"]
[BlackTeam "Belgrade PTT"]
[WhiteTeamCountry "SRB"]
[BlackTeamCountry "SRB"]

1. d4 Nf6 2. Nf3 g6 3. Bf4 Bg7 4. e3 d6 5. Bc4 Nh5 6. Bg5 h6 7. Bh4 g5 8. Bg3 Nd7 9. Bb3 e6 10. Nbd2 Qe7 11. Qe2 Ndf6 12. 0-0-0 Bd7 13. e4 Nxg3 14. hxg3 0-0-0 15. e5 Ne8 16. Rhe1 d5 17. c4 c6 18. Kb1 Nc7 19. c5 b6 20. Rc1 Kb7 21. Rc2 g4 0-1

[Event "BIH-chT2"]
[Site "Bosna"]
[Date "2017.08.27"]
[Round "5.2"]
[White "Stavnjak, Lazar"]
[Black "Jeremic, Milan"]
[Result "1/2-1/2"]
[WhiteElo "2231"]
[BlackElo "2180"]
[PlyCount "143"]
[EventDate "2017.08.25"]
[EventType "team-tourn"]
[EventRounds "9"]
[EventCountry "BIH"]
[SourceTitle "EXT 2019"]
[Source "ChessBase"]
[SourceDate "2018.10.10"]
[SourceVersion "1"]
[SourceVersionDate "2018.10.10"]
[SourceQuality "1"]

1. e4 c6 2. d4 d5 3. e5 a6 4. Bd3 g6 5. f4 h5 6. Nf3 Bg4 7. h3 Bxf3 8. Qxf3 e6 9. Be3 Qb6 10. b3 c5 11. Qf2 Nd7 12. Nd2 cxd4 13. Bxd4 Bc5 14. c3 Ne7 15. 0-0 Nc6 16. Nf3 Rc8 17. Rad1 Nxd4 18. cxd4 Be7 19. Rc1 Rc6 20. g4 Nb8 21. Kg2 Rxc1 22. Rxc1 Nc6 23. Bb1 hxg4 24. hxg4 Kd7 25. Rh1 Rxh1 26. Kxh1 Qb4 27. f5 gxf5 28. gxf5 Qc3 29. Kg2 Qc1 30. fxe6+ fxe6 31. Bg6 Qf4 32. Qg3 Qe3 33. Qf2 Bg5 34. Bc2 Bf4 35. Bg6 Qc1 36. Ne1 Qd2 37. Nc2 Ne7 38. Qxd2 Bxd2 39. Bh7 Nc6 40. Kf3 Ke7 41. Ke2 Bc3 42. Kd3 Bb2 43. Bg6 Bc1 44. Bh5 Bf4 45. Bg4 Bxe5 46. Bh3 Bf6 47. Bg2 Kd6 48. Bh3 Bh4 49. Bg2 Bf2 50. Bh3 b5 51. b4 Bh4 52. a3 Bg5 53. Kc3 Bc1 54. Bf1 Ne7 55. a4 bxa4 56. Bxa6 Nf5 57. Bd3 a3 58. Kb3 Bb2 59. Bxf5 exf5 60. Ne1 Bxd4 61. Kxa3 f4 62. Nf3 Be3 63. Kb3 Ke6 64. Kc2 Kf5 65. Kd3 Bb6 66. b5 Ke6 67. Ne1 Kd6 68. Ke2 Be3 69. Nd3 Kc7 70. Nb4 d4 71. Kf3 Kb6 72. Nc2 1/2-1/2